[Event "DEM U16w 2025"]
[Site "Willingen GER"]
[Date "2025.06.09"]
[Round "3"]
[White "Lorenz, Veronika"]
[Black "Müller, Riyanna"]
[Result "0-1"]
[Termination "normal"]
[Board "1"]
[BlackTitle "WCM"]
[WhiteElo "1952"]
[BlackElo "2056"]
[WhiteClock "00:00:44"]
[BlackClock "00:13:51"]
[PlyCount "74"]
[WhiteFideId "16277406"]
[BlackFideId "16287401"]
[EventCountry "GER"]
[EventRounds "9"]
[EventType "swiss"]
[EventDate "2025.06.07"]

1. e4 {[%clk 01:30:59]} c6 {[%clk 01:30:54]} 2. d4 {[%clk 01:31:25]} d5 {[%clk
01:31:20]} 3. exd5 {[%clk 01:31:54]} cxd5 {[%clk 01:31:42]} 4. c4 {[%clk
01:32:22]} Nf6 {[%clk 01:31:41]} 5. Nc3 {[%clk 01:32:51]} Nc6 {[%clk 01:31:57]}
6. Nf3 {[%clk 01:33:15]} a6 {[%clk 01:32:08]} 7. c5 {[%clk 01:30:43]} Bg4
{[%clk 01:28:52]} 8. Be3 {[%clk 01:31:01]} e6 {[%clk 01:22:56]} {[%emt
00:04:49]} 9. h3 {[%clk 01:30:54]} {[%emt 00:00:37]} Bxf3 {[%clk 01:19:21]}
{[%emt 00:04:06]} 10. Qxf3 {[%clk 01:31:05]} {[%emt 00:00:19]} b6 {[%clk
01:17:18]} {[%emt 00:02:33]} 11. Be2 {[%clk 01:22:25]} {[%emt 00:09:10]} bxc5
{[%clk 01:14:27]} {[%emt 00:03:21]} 12. dxc5 {[%clk 01:22:46]} {[%emt
00:00:10]} Qa5 {[%clk 01:11:38]} {[%emt 00:03:18]} 13. Rc1 {[%clk 01:08:17]}
{[%emt 00:14:58]} Bxc5 {[%clk 00:53:40]} {[%emt 00:18:28]} 14. Bd2 {[%clk
01:06:22]} {[%emt 00:02:26]} Nd4 {[%clk 00:49:32]} {[%emt 00:04:38]} 15. Qg3
{[%clk 01:05:12]} {[%emt 00:01:40]} Nf5 {[%clk 00:48:27]} {[%emt 00:01:35]} 16.
Nxd5 {[%clk 00:54:25]} {[%emt 00:11:17]} Qxd2+ {[%clk 00:26:34]} {[%emt
00:22:23]} 17. Kxd2 {[%clk 00:54:47]} {[%emt 00:00:08]} Ne4+ {[%clk 00:26:58]}
{[%emt 00:00:06]} 18. Ke1 {[%clk 00:13:19]} {[%emt 00:41:58]} Nfxg3 {[%clk
00:27:01]} {[%emt 00:00:26]} 19. Nc7+ {[%clk 00:13:28]} {[%emt 00:00:21]} Kd7
{[%clk 00:26:33]} {[%emt 00:00:59]} 20. fxg3 {[%clk 00:13:07]} {[%emt
00:00:51]} Bb4+ {[%clk 00:25:43]} {[%emt 00:01:20]} 21. Kd1 {[%clk 00:11:57]}
{[%emt 00:01:39]} Nf2+ {[%clk 00:26:06]} {[%emt 00:00:06]} 22. Kc2 {[%clk
00:12:23]} {[%emt 00:00:06]} Kxc7 {[%clk 00:26:06]} {[%emt 00:00:29]} 23. Kb3+
{[%clk 00:09:50]} {[%emt 00:03:04]} Kb6 {[%clk 00:26:29]} {[%emt 00:00:07]} 24.
Rhf1 {[%clk 00:08:02]} {[%emt 00:02:17]} Bc5 {[%clk 00:26:50]} {[%emt
00:00:09]} 25. Rxc5 {[%clk 00:08:05]} {[%emt 00:00:27]} Kxc5 {[%clk 00:27:16]}
{[%emt 00:00:04]} 26. Rxf2 {[%clk 00:08:30]} {[%emt 00:00:05]} f6 {[%clk
00:26:27]} {[%emt 00:01:18]} 27. Bc4 {[%clk 00:07:42]} {[%emt 00:01:19]} e5
{[%clk 00:23:55]} {[%emt 00:03:02]} 28. Kc3 {[%clk 00:07:01]} {[%emt 00:01:12]}
a5 {[%clk 00:24:04]} {[%emt 00:00:21]} 29. b3 {[%clk 00:07:23]} {[%emt
00:00:08]} Rhd8 {[%clk 00:24:13]} {[%emt 00:00:20]} 30. g4 {[%clk 00:07:36]}
{[%emt 00:00:17]} Rd6 {[%clk 00:21:15]} {[%emt 00:03:28]} 31. Re2 {[%clk
00:03:33]} {[%emt 00:04:32]} Re8 {[%clk 00:21:10]} {[%emt 00:00:36]} 32. g3
{[%clk 00:01:44]} {[%emt 00:02:18]} Rd1 {[%clk 00:18:00]} {[%emt 00:03:41]} 33.
Kc2 {[%clk 00:00:55]} {[%emt 00:01:20]} Red8 {[%clk 00:17:26]} {[%emt
00:01:04]} 34. h4 {[%clk 00:00:52]} {[%emt 00:00:33]} Rg1 {[%clk 00:14:00]}
{[%emt 00:03:54]} 35. Re3 {[%clk 00:01:12]} {[%emt 00:00:11]} Rdd1 {[%clk
00:13:53]} {[%emt 00:00:37]} 36. Kb2 {[%clk 00:00:42]} {[%emt 00:01:00]} Rd2+
{[%clk 00:13:30]} {[%emt 00:00:53]} 37. Ka3 {[%clk 00:00:44]} {[%emt 00:00:29]}
Ra1 {[%clk 00:13:51]} {[%emt 00:00:08]} 0-1

[Event "DEM U16w 2025"]
[Site "Willingen GER"]
[Date "2025.06.09"]
[Round "3"]
[White "Dedic, Sajra"]
[Black "Neininger, Sarah"]
[Result "1/2-1/2"]
[Termination "normal"]
[Board "2"]
[WhiteElo "1657"]
[BlackElo "1857"]
[WhiteClock "00:08:00"]
[BlackClock "00:04:53"]
[PlyCount "83"]
[WhiteFideId "14422794"]
[BlackFideId "16287410"]
[EventCountry "GER"]
[EventRounds "9"]
[EventType "swiss"]
[EventDate "2025.06.07"]

1. e4 {[%clk 01:30:58]} c5 {[%clk 01:30:55]} 2. Nf3 {[%clk 01:31:23]} e6 {[%clk
01:31:19]} 3. d4 {[%clk 01:31:48]} cxd4 {[%clk 01:31:44]} 4. Nxd4 {[%clk
01:32:12]} Nc6 {[%clk 01:32:08]} 5. Nc3 {[%clk 01:32:37]} Qc7 {[%clk 01:32:33]}
6. Qd3 {[%clk 01:33:01]} Nf6 {[%clk 01:25:49]} 7. Ndb5 {[%clk 01:33:24]} Qb8
{[%clk 01:26:03]} 8. Qg3 {[%clk 01:33:34]} Qxg3 {[%clk 01:05:55]} {[%emt
00:19:37]} 9. hxg3 {[%clk 01:33:58]} {[%emt 00:00:07]} Nb4 {[%clk 00:46:47]}
{[%emt 00:19:38]} 10. Bd3 {[%clk 01:25:02]} {[%emt 00:09:25]} Na6 {[%clk
00:46:01]} {[%emt 00:01:16]} 11. Bf4 {[%clk 01:23:41]} {[%emt 00:01:52]} Bc5
{[%clk 00:43:36]} {[%emt 00:02:48]} 12. f3 {[%clk 01:12:14]} {[%emt 00:12:03]}
d5 {[%clk 00:37:25]} {[%emt 00:06:42]} 13. exd5 {[%clk 01:07:24]} {[%emt
00:05:20]} Nxd5 {[%clk 00:36:46]} {[%emt 00:01:09]} 14. Nxd5 {[%clk 01:07:42]}
{[%emt 00:00:12]} exd5 {[%clk 00:37:13]} {[%emt 00:00:03]} 15. Nd6+ {[%clk
01:04:50]} {[%emt 00:03:22]} Ke7 {[%clk 00:32:35]} {[%emt 00:05:03]} 16. Nxc8+
{[%clk 01:05:06]} {[%emt 00:00:18]} Raxc8 {[%clk 00:32:25]} {[%emt 00:00:40]}
17. Bxa6 {[%clk 01:03:01]} {[%emt 00:02:36]} bxa6 {[%clk 00:32:49]} {[%emt
00:00:06]} 18. O-O-O {[%clk 01:03:04]} {[%emt 00:00:27]} Rcd8 {[%clk 00:31:26]}
{[%emt 00:01:49]} 19. Rh5 {[%clk 00:58:25]} {[%emt 00:05:12]} f6 {[%clk
00:28:52]} {[%emt 00:03:04]} 20. Rhxd5 {[%clk 00:56:59]} {[%emt 00:01:57]} Rxd5
{[%clk 00:29:16]} {[%emt 00:00:06]} 21. Rxd5 {[%clk 00:57:22]} {[%emt
00:00:06]} Bb6 {[%clk 00:29:39]} {[%emt 00:00:07]} 22. b4 {[%clk 00:52:47]}
{[%emt 00:05:06]} Rc8 {[%clk 00:28:22]} {[%emt 00:01:45]} 23. Kb2 {[%clk
00:49:46]} {[%emt 00:03:32]} g5 {[%clk 00:27:41]} {[%emt 00:01:11]} 24. Bd2
{[%clk 00:47:18]} {[%emt 00:02:58]} Ke6 {[%clk 00:26:57]} {[%emt 00:01:14]} 25.
Rd3 {[%clk 00:47:32]} {[%emt 00:00:16]} h5 {[%clk 00:25:40]} {[%emt 00:01:47]}
26. Be1 {[%clk 00:47:21]} {[%emt 00:00:41]} Rb8 {[%clk 00:23:22]} {[%emt
00:02:43]} 27. a3 {[%clk 00:41:03]} {[%emt 00:06:55]} a5 {[%clk 00:22:09]}
{[%emt 00:01:41]} 28. b5 {[%clk 00:40:34]} {[%emt 00:00:59]} Rc8 {[%clk
00:17:22]} {[%emt 00:05:18]} 29. a4 {[%clk 00:34:57]} {[%emt 00:06:06]} a6
{[%clk 00:12:25]} {[%emt 00:05:27]} 30. c3 {[%clk 00:30:53]} {[%emt 00:04:35]}
axb5 {[%clk 00:12:19]} {[%emt 00:00:36]} 31. axb5 {[%clk 00:31:16]} {[%emt
00:00:06]} Rc5 {[%clk 00:11:34]} {[%emt 00:01:08]} 32. c4 {[%clk 00:18:53]}
{[%emt 00:13:00]} Rxc4 {[%clk 00:11:40]} {[%emt 00:00:25]} 33. Kb3 {[%clk
00:16:14]} {[%emt 00:03:09]} Rc5 {[%clk 00:11:31]} {[%emt 00:00:29]} 34. Ka4
{[%clk 00:15:09]} {[%emt 00:01:44]} Rc2 {[%clk 00:10:05]} {[%emt 00:01:50]} 35.
Rc3 {[%clk 00:14:03]} {[%emt 00:01:42]} Rxc3 {[%clk 00:08:39]} {[%emt
00:01:56]} 36. Bxc3 {[%clk 00:14:28]} {[%emt 00:00:06]} Bf2 {[%clk 00:08:40]}
{[%emt 00:00:26]} 37. Kxa5 {[%clk 00:10:28]} {[%emt 00:04:33]} Bxg3 {[%clk
00:08:55]} {[%emt 00:00:15]} 38. Ka6 {[%clk 00:08:54]} {[%emt 00:02:04]} f5
{[%clk 00:08:06]} {[%emt 00:01:18]} 39. Bd4 {[%clk 00:07:24]} {[%emt 00:02:00]}
g4 {[%clk 00:04:16]} {[%emt 00:04:20]} 40. fxg4 {[%clk 00:07:47]} {[%emt
00:00:07]} fxg4 {[%clk 00:04:37]} {[%emt 00:00:09]} 41. Bg1 {[%clk 00:08:06]}
{[%emt 00:00:10]} h4 {[%clk 00:04:53]} {[%emt 00:00:15]} 42. Ka7 {[%clk
00:08:00]} {[%emt 00:00:36]} 1/2-1/2

[Event "DEM U16w 2025"]
[Site "Willingen GER"]
[Date "2025.06.09"]
[Round "3"]
[White "Oellrich, Emma"]
[Black "Bauer, Laura Sophie"]
[Result "1/2-1/2"]
[Termination "normal"]
[Board "3"]
[WhiteElo "1824"]
[BlackElo "1979"]
[WhiteClock "00:30:52"]
[BlackClock "00:47:35"]
[PlyCount "54"]
[WhiteFideId "16268806"]
[BlackFideId "16253647"]
[EventCountry "GER"]
[EventRounds "9"]
[EventType "swiss"]
[EventDate "2025.06.07"]

1. d4 {[%clk 01:30:59]} d5 {[%clk 01:30:56]} 2. c4 {[%clk 01:31:25]} e6 {[%clk
01:31:23]} 3. Nc3 {[%clk 01:31:49]} Nf6 {[%clk 01:31:48]} 4. cxd5 {[%clk
01:32:14]} exd5 {[%clk 01:32:13]} 5. Bg5 {[%clk 01:32:38]} Be7 {[%clk
01:32:37]} 6. Nf3 {[%clk 01:33:02]} h6 {[%clk 01:32:54]} 7. Bh4 {[%clk
01:33:24]} O-O {[%clk 01:33:16]} 8. e3 {[%clk 01:32:46]} c6 {[%clk 01:33:42]}
9. Bd3 {[%clk 01:33:08]} Nbd7 {[%clk 01:34:02]} 10. Qc2 {[%clk 01:33:28]} Re8
{[%clk 01:34:13]} 11. O-O {[%clk 01:33:52]} Ne4 {[%clk 01:34:25]} 12. Bxe7
{[%clk 01:34:17]} Qxe7 {[%clk 01:34:51]} 13. Rab1 {[%clk 01:34:37]} a6 {[%clk
01:34:34]} 14. Na4 {[%clk 01:33:24]} g6 {[%clk 01:31:09]} {[%emt 00:00:21]} 15.
b4 {[%clk 01:30:55]} {[%emt 00:02:59]} Kg7 {[%clk 01:26:50]} {[%emt 00:04:50]}
16. Nc5 {[%clk 01:30:23]} {[%emt 00:01:02]} Ndf6 {[%clk 01:25:22]} {[%emt
00:01:58]} 17. Be2 {[%clk 01:21:55]} {[%emt 00:08:59]} Nd6 {[%clk 01:19:06]}
{[%emt 00:06:45]} 18. Rb3 {[%clk 01:06:13]} {[%emt 00:16:12]} Bf5 {[%clk
01:09:53]} {[%emt 00:09:42]} 19. Qc1 {[%clk 01:01:28]} {[%emt 00:05:15]} b5
{[%clk 01:05:31]} {[%emt 00:04:53]} 20. Ne5 {[%clk 00:55:41]} {[%emt 00:06:17]}
Rec8 {[%clk 01:04:42]} {[%emt 00:01:18]} 21. a4 {[%clk 00:48:39]} {[%emt
00:07:32]} Nc4 {[%clk 01:04:21]} {[%emt 00:00:51]} 22. Nxc4 {[%clk 00:44:43]}
{[%emt 00:04:27]} dxc4 {[%clk 00:58:42]} {[%emt 00:06:09]} 23. Ra3 {[%clk
00:44:50]} {[%emt 00:00:23]} Nd5 {[%clk 00:55:57]} {[%emt 00:03:14]} 24. Bxc4
{[%clk 00:33:49]} {[%emt 00:11:33]} bxc4 {[%clk 00:50:31]} {[%emt 00:05:55]}
25. e4 {[%clk 00:33:55]} {[%emt 00:00:24]} Bd7 {[%clk 00:48:08]} {[%emt
00:02:53]} 26. exd5 {[%clk 00:33:21]} {[%emt 00:01:04]} cxd5 {[%clk 00:48:28]}
{[%emt 00:00:09]} 27. Re3 {[%clk 00:30:52]} {[%emt 00:03:00]} Qd6 {[%clk
00:47:35]} {[%emt 00:01:23]} 1/2-1/2

[Event "DEM U16w 2025"]
[Site "Willingen GER"]
[Date "2025.06.09"]
[Round "3"]
[White "Trunz, Tamila"]
[Black "Mamani Orozco, Camila Guianella"]
[Result "0-1"]
[Termination "normal"]
[Board "4"]
[WhiteElo "2053"]
[BlackElo "1689"]
[WhiteClock "00:01:34"]
[BlackClock "00:01:32"]
[PlyCount "110"]
[WhiteFideId "16267885"]
[BlackFideId "3877663"]
[EventCountry "GER"]
[EventRounds "9"]
[EventType "swiss"]
[EventDate "2025.06.07"]

1. e4 {[%clk 01:30:56]} c5 {[%clk 01:30:53]} 2. Nf3 {[%clk 01:31:18]} Nc6
{[%clk 01:31:12]} 3. Bb5 {[%clk 01:31:37]} g6 {[%clk 01:30:58]} 4. O-O {[%clk
01:31:48]} Bg7 {[%clk 01:31:07]} 5. Nc3 {[%clk 01:31:53]} a6 {[%clk 01:25:09]}
{[%emt 00:00:20]} 6. Bxc6 {[%clk 01:30:44]} {[%emt 00:00:23]} bxc6 {[%clk
01:25:18]} {[%emt 00:00:21]} 7. e5 {[%clk 01:27:52]} {[%emt 00:03:22]} f6
{[%clk 01:16:29]} {[%emt 00:09:20]} 8. d4 {[%clk 01:21:04]} {[%emt 00:07:18]}
cxd4 {[%clk 01:14:24]} {[%emt 00:02:35]} 9. Qxd4 {[%clk 01:21:14]} {[%emt
00:00:20]} fxe5 {[%clk 01:13:28]} {[%emt 00:01:26]} 10. Qc4 {[%clk 01:17:13]}
{[%emt 00:04:31]} Qc7 {[%clk 00:54:12]} {[%emt 00:19:44]} 11. Re1 {[%clk
01:04:51]} e6 {[%clk 00:54:12]} 12. Qe2 {[%clk 01:04:51]} d6 {[%clk 00:54:12]}
13. Bg5 {[%clk 01:04:51]} Ne7 {[%clk 00:54:12]} 14. Rad1 {[%clk 01:04:51]} O-O
{[%clk 00:54:12]} 15. Bxe7 {[%clk 01:04:51]} Qxe7 {[%clk 00:54:12]} 16. Qd2
{[%clk 01:04:51]} d5 {[%clk 00:54:12]} 17. Nxe5 {[%clk 01:04:51]} Bb7 {[%clk
00:54:12]} 18. Qe2 {[%clk 01:04:51]} Rae8 {[%clk 00:54:12]} 19. Na4 {[%clk
01:04:51]} Rf4 {[%clk 00:54:12]} 20. Nc3 {[%clk 01:04:51]} d4 {[%clk 00:54:12]}
21. Nd3 {[%clk 01:04:51]} Rf5 {[%clk 00:54:12]} 22. Ne4 {[%clk 01:04:51]} Kh8
{[%clk 00:54:12]} 23. Qg4 {[%clk 01:04:51]} Ref8 {[%clk 00:54:12]} 24. Ng3
{[%clk 01:04:51]} R5f6 {[%clk 00:54:12]} 25. Re2 {[%emt 02:19:23]} c5 {[%clk
00:01:09]} 26. Rde1 {[%clk 00:04:51]} {[%emt 00:01:34]} c4 {[%clk 00:01:29]}
{[%emt 00:00:10]} 27. Rxe6 {[%clk 00:04:46]} {[%emt 00:00:35]} Rxe6 {[%clk
00:01:38]} {[%emt 00:00:22]} 28. Rxe6 {[%clk 00:05:10]} {[%emt 00:00:05]} Qf7
{[%clk 00:01:54]} {[%emt 00:00:14]} 29. Qe2 {[%clk 00:01:42]} {[%emt 00:03:57]}
cxd3 {[%clk 00:02:19]} {[%emt 00:00:06]} 30. cxd3 {[%clk 00:02:09]} {[%emt
00:00:04]} Qc7 {[%clk 00:01:22]} {[%emt 00:01:23]} 31. f3 {[%clk 00:01:05]}
{[%emt 00:01:38]} Bd5 {[%clk 00:01:01]} {[%emt 00:00:50]} 32. Rxa6 {[%clk
00:01:05]} {[%emt 00:00:30]} Qf7 {[%clk 00:00:53]} {[%emt 00:00:37]} 33. b3
{[%clk 00:01:00]} {[%emt 00:00:36]} Re8 {[%clk 00:01:07]} {[%emt 00:00:17]} 34.
Ne4 {[%clk 00:01:14]} {[%emt 00:00:16]} Bxe4 {[%clk 00:01:15]} {[%emt
00:00:21]} 35. fxe4 {[%clk 00:01:15]} {[%emt 00:00:29]} Rc8 {[%clk 00:01:24]}
{[%emt 00:00:21]} 36. g3 {[%clk 00:01:16]} {[%emt 00:00:29]} Bh6 {[%clk
00:01:29]} {[%emt 00:00:26]} 37. Kg2 {[%clk 00:00:45]} {[%emt 00:01:01]} Rf8
{[%clk 00:01:17]} {[%emt 00:00:41]} 38. Rc6 {[%clk 00:00:48]} {[%emt 00:00:27]}
Qb7 {[%clk 00:01:17]} {[%emt 00:00:30]} 39. Rc4 {[%clk 00:01:07]} {[%emt
00:00:11]} Be3 {[%clk 00:01:32]} {[%emt 00:00:15]} 40. Qg4 {[%clk 00:01:09]}
{[%emt 00:00:27]} Qf7 {[%clk 00:01:46]} {[%emt 00:00:17]} 41. Qe2 {[%clk
00:27:17]} {[%emt 00:04:22]} Qf2+ {[%clk 00:24:31]} {[%emt 00:07:44]} 42. Qxf2
{[%clk 00:27:41]} {[%emt 00:00:07]} Rxf2+ {[%clk 00:24:43]} {[%emt 00:00:17]}
43. Kh1 {[%clk 00:26:33]} {[%emt 00:01:39]} Rxa2 {[%clk 00:24:38]} {[%emt
00:00:35]} 44. e5 {[%clk 00:22:08]} {[%emt 00:04:55]} Kg8 {[%clk 00:06:33]}
{[%emt 00:18:33]} 45. e6 {[%clk 00:17:35]} {[%emt 00:05:05]} Kf8 {[%clk
00:06:10]} {[%emt 00:00:52]} 46. Rc7 {[%clk 00:16:54]} {[%emt 00:01:12]} Rd2
{[%clk 00:02:52]} {[%emt 00:03:46]} 47. Rxh7 {[%clk 00:05:49]} {[%emt
00:11:37]} Rxd3 {[%clk 00:02:28]} {[%emt 00:00:55]} 48. Kg2 {[%clk 00:04:38]}
{[%emt 00:01:39]} Rxb3 {[%clk 00:02:23]} {[%emt 00:00:34]} 49. Kf3 {[%clk
00:04:33]} {[%emt 00:00:36]} Bg5+ {[%emt 00:02:19]} 50. Ke4 {[%clk 00:04:18]}
{[%emt 00:00:42]} d3 {[%clk 00:01:00]} {[%emt 00:00:08]} 51. Rf7+ {[%clk
00:02:45]} {[%emt 00:02:02]} Ke8 {[%clk 00:01:24]} {[%emt 00:00:06]} 52. h4
{[%clk 00:02:35]} {[%emt 00:00:40]} d2 {[%clk 00:01:19]} {[%emt 00:00:36]} 53.
Rf1 {[%clk 00:02:24]} {[%emt 00:00:41]} Bh6 {[%clk 00:01:28]} {[%emt 00:00:22]}
54. Ke5 {[%clk 00:01:38]} {[%emt 00:01:15]} Re3+ {[%clk 00:01:20]} {[%emt
00:00:37]} 55. Kf6 {[%clk 00:01:34]} {[%emt 00:00:34]} Re1 {[%clk 00:01:32]}
{[%emt 00:00:19]} 0-1

[Event "DEM U16w 2025"]
[Site "Willingen GER"]
[Date "2025.06.09"]
[Round "3"]
[White "Wartenberg, Alissa"]
[Black "Kutz, Ida Klara"]
[Result "1/2-1/2"]
[Termination "normal"]
[Board "5"]
[WhiteElo "1850"]
[BlackElo "1783"]
[WhiteClock "00:01:22"]
[BlackClock "00:05:59"]
[PlyCount "119"]
[WhiteFideId "16280741"]
[BlackFideId "16296257"]
[EventCountry "GER"]
[EventRounds "9"]
[EventType "swiss"]
[EventDate "2025.06.07"]

1. e4 {[%clk 01:30:55]} {[%emt 17:34:43]} c6 {[%clk 01:30:50]} 2. Nf3 {[%clk
01:31:20]} d5 {[%clk 01:31:14]} 3. Nc3 {[%clk 01:31:46]} Bg4 {[%clk 01:31:32]}
4. h3 {[%clk 01:31:56]} Bxf3 {[%clk 01:31:57]} 5. Qxf3 {[%clk 01:32:21]} e6
{[%clk 01:32:08]} 6. Be2 {[%clk 01:32:33]} Nd7 {[%clk 01:30:02]} 7. O-O {[%clk
01:22:36]} {[%emt 00:04:39]} Ngf6 {[%clk 01:29:03]} {[%emt 00:01:27]} 8. d4
{[%clk 01:22:02]} {[%emt 00:01:06]} dxe4 {[%clk 01:29:25]} {[%emt 00:00:07]} 9.
Nxe4 {[%clk 01:22:26]} {[%emt 00:00:07]} Be7 {[%clk 01:26:05]} {[%emt
00:03:49]} 10. Bf4 {[%clk 01:17:49]} {[%emt 00:05:07]} Nxe4 {[%clk 01:21:11]}
{[%emt 00:05:25]} 11. Qxe4 {[%clk 01:17:28]} {[%emt 00:00:51]} Nf6 {[%clk
01:21:29]} {[%emt 00:00:12]} 12. Qd3 {[%clk 01:14:39]} {[%emt 00:03:18]} O-O
{[%clk 01:16:22]} {[%emt 00:05:37]} 13. c3 {[%clk 01:07:12]} {[%emt 00:07:57]}
Nd5 {[%clk 01:07:09]} {[%emt 00:09:44]} 14. Bd2 {[%clk 00:59:47]} {[%emt
00:07:55]} Bd6 {[%clk 01:05:11]} {[%emt 00:02:27]} 15. f4 {[%clk 00:36:03]}
{[%emt 00:24:14]} Qh4 {[%clk 00:54:50]} {[%emt 00:10:51]} 16. Qe4 {[%clk
00:31:56]} {[%emt 00:04:38]} g5 {[%clk 00:45:01]} {[%emt 00:10:18]} 17. Be1
{[%clk 00:26:59]} {[%emt 00:05:27]} Qh6 {[%clk 00:42:45]} {[%emt 00:02:45]} 18.
fxg5 {[%clk 00:24:21]} {[%emt 00:03:09]} Qxg5 {[%clk 00:43:00]} {[%emt
00:00:14]} 19. Bd3 {[%clk 00:22:05]} {[%emt 00:02:48]} Qe3+ {[%clk 00:39:35]}
{[%emt 00:03:54]} 20. Qxe3 {[%clk 00:22:09]} {[%emt 00:00:27]} Nxe3 {[%clk
00:39:58]} {[%emt 00:00:06]} 21. Rf6 {[%clk 00:17:30]} {[%emt 00:05:09]} Nd5
{[%clk 00:32:52]} {[%emt 00:07:37]} 22. Rh6 {[%clk 00:14:22]} {[%emt 00:03:37]}
Nf4 {[%clk 00:31:58]} {[%emt 00:01:24]} 23. Bg3 {[%clk 00:12:23]} {[%emt
00:02:30]} Nxd3 {[%clk 00:25:55]} {[%emt 00:06:33]} 24. Bxd6 {[%clk 00:12:41]}
{[%emt 00:00:11]} Rfd8 {[%clk 00:26:15]} {[%emt 00:00:09]} 25. Be7 {[%clk
00:05:20]} {[%emt 00:07:51]} Rd5 {[%clk 00:25:19]} {[%emt 00:01:27]} 26. Rf1
{[%clk 00:04:30]} {[%emt 00:01:19]} Re8 {[%clk 00:18:22]} {[%emt 00:07:28]} 27.
Bf6 {[%clk 00:02:09]} {[%emt 00:02:51]} Rf5 {[%clk 00:17:00]} {[%emt 00:01:52]}
28. b3 {[%clk 00:02:17]} {[%emt 00:00:23]} Nf4 {[%clk 00:13:10]} {[%emt
00:04:20]} 29. g4 {[%clk 00:01:26]} {[%emt 00:01:21]} Ne2+ {[%clk 00:13:26]}
{[%emt 00:00:14]} 30. Kg2 {[%clk 00:01:52]} {[%emt 00:00:03]} Rxf1 {[%clk
00:13:15]} {[%emt 00:00:42]} 31. Kxf1 {[%clk 00:02:19]} {[%emt 00:00:02]} Nxc3
{[%clk 00:13:12]} {[%emt 00:00:34]} 32. a4 {[%clk 00:01:27]} {[%emt 00:01:22]}
a5 {[%clk 00:08:27]} {[%emt 00:05:15]} 33. Kg2 {[%clk 00:00:59]} {[%emt
00:00:57]} Ne4 {[%clk 00:06:46]} {[%emt 00:02:11]} 34. Be5 {[%clk 00:00:53]}
{[%emt 00:00:35]} Rd8 {[%clk 00:04:48]} {[%emt 00:02:29]} 35. Kf3 {[%clk
00:00:47]} {[%emt 00:00:37]} Nd2+ {[%clk 00:04:54]} {[%emt 00:00:24]} 36. Ke3
{[%clk 00:00:51]} {[%emt 00:00:26]} Nxb3 {[%clk 00:04:39]} {[%emt 00:00:45]}
37. Rh5 {[%clk 00:01:04]} {[%emt 00:00:16]} Rd5 {[%clk 00:03:16]} {[%emt
00:01:53]} 38. Rg5+ {[%clk 00:01:03]} {[%emt 00:00:32]} Kf8 {[%clk 00:03:41]}
{[%emt 00:00:06]} 39. Rh5 {[%clk 00:01:17]} {[%emt 00:00:16]} c5 {[%clk
00:02:50]} {[%emt 00:01:19]} 40. dxc5 {[%clk 00:01:26]} {[%emt 00:00:21]} Nxc5
{[%clk 00:02:22]} {[%emt 00:00:58]} 41. Bc7 {[%clk 00:28:02]} {[%emt 00:03:54]}
Rxh5 {[%clk 00:31:20]} {[%emt 00:01:32]} 42. gxh5 {[%clk 00:28:09]} {[%emt
00:00:23]} Nxa4 {[%clk 00:31:38]} {[%emt 00:00:12]} 43. Bxa5 {[%clk 00:27:40]}
{[%emt 00:00:59]} Kg7 {[%clk 00:31:10]} {[%emt 00:00:57]} 44. Kd4 {[%clk
00:25:27]} {[%emt 00:02:44]} Kh6 {[%clk 00:30:45]} {[%emt 00:00:55]} 45. Ke5
{[%clk 00:21:00]} {[%emt 00:04:56]} f5 {[%clk 00:23:26]} {[%emt 00:07:50]} 46.
Kxe6 {[%clk 00:18:07]} {[%emt 00:03:23]} Kxh5 {[%clk 00:20:19]} {[%emt
00:03:37]} 47. Kxf5 {[%clk 00:17:27]} {[%emt 00:01:09]} b6 {[%clk 00:18:43]}
{[%emt 00:02:07]} 48. Be1 {[%clk 00:16:27]} {[%emt 00:01:30]} b5 {[%clk
00:17:06]} {[%emt 00:02:07]} 49. Ke4 {[%clk 00:13:29]} {[%emt 00:03:28]} Nc5+
{[%clk 00:16:04]} {[%emt 00:01:33]} 50. Kd5 {[%clk 00:12:58]} {[%emt 00:01:00]}
Nd3 {[%clk 00:15:26]} {[%emt 00:01:08]} 51. Bg3 {[%clk 00:12:41]} {[%emt
00:00:47]} Kg5 {[%clk 00:14:41]} {[%emt 00:01:15]} 52. Ke4 {[%clk 00:08:31]}
{[%emt 00:04:40]} Nc5+ {[%clk 00:11:27]} {[%emt 00:03:45]} 53. Kd5 {[%clk
00:07:49]} {[%emt 00:01:12]} Nd7 {[%clk 00:09:46]} {[%emt 00:02:11]} 54. Kc6
{[%clk 00:05:52]} {[%emt 00:02:26]} Nf6 {[%clk 00:09:44]} {[%emt 00:00:32]} 55.
Kxb5 {[%clk 00:05:58]} {[%emt 00:00:24]} Nh5 {[%clk 00:10:02]} {[%emt
00:00:12]} 56. Bf2 {[%clk 00:05:41]} {[%emt 00:00:47]} Nf4 {[%clk 00:09:42]}
{[%emt 00:00:50]} 57. h4 {[%clk 00:02:27]} {[%emt 00:03:44]} Kg4 {[%clk
00:09:38]} {[%emt 00:00:34]} 58. Kc4 {[%clk 00:02:29]} {[%emt 00:00:28]} Ng6
{[%clk 00:08:02]} {[%emt 00:02:07]} 59. Kd3 {[%clk 00:02:23]} {[%emt 00:00:34]}
Kf3 {[%clk 00:05:59]} {[%emt 00:02:34]} 60. Be1 {[%clk 00:01:22]} {[%emt
00:01:31]} 1/2-1/2